000 00334nam a2200133Ia 4500
008 240624s9999 xx 000 0 und d
041 _aeng
082 _a658.408 KUM
100 _aKUMAR T N SATHEESH
245 _aCORPORATE GOVERNANCE
260 _c2010
_aNew Delhi
_bOxford
300 _axiv, : 569 : p. : cm. ; 26
365 _cRS
_b31
999 _c24876
_d24876